000 00691nam a2200169 a 4500
001 000029360
005 20250924073803.0
008 110415s1985 dr cd 000 0 spa d
040 _aDO-SdBNP
_bspa
_cBNPHU
082 _axxx
_bB681m
100 1 _aBoin, Jacqueline
_97799
245 1 3 _aEl método Marx :
_bun viraje en el pensamiento y en la acción de la humanidad /
_cJacqueline Boin, José Serrulle Ramia.
260 _aSanto Domingo :
_bEditora Universitaria- UASD,
_c1985.
300 _a43 p. :
_bdiagramas, retrs. ;
_c21 cm.
490 1 _aPublicaciones de la Universidad Autónoma de Santo Domingo
_vv. 400
830 _aPublicaciones de la Universidad Autónoma de Santo Domingo
_vv. 400
_952
999 _c28852
_d28852